000 00176 a2200085 4500
020 _a9780736866668
041 _aspa
100 _aschuh, Mari C.
245 _aEl grupo de las frutas
999 _c12278
_d12278